| 000 | 00704nam a22001937a 4500 | ||
|---|---|---|---|
| 003 | SISC | ||
| 005 | 20170523165257.0 | ||
| 008 | 170523b xxu||||| |||| 00| 0 eng d | ||
| 020 | _a9781506323114 | ||
| 050 |
_aLB 1027.5 _b.Z86 2016 |
||
| 100 | _aZyromski, Brett. | ||
| 245 |
_aFacilitating evidenced-based, data-driven school counseling : _ba manual for practice/ _cBrett Zyromski, Melissa A. Mariani. |
||
| 260 |
_aUSA : _bCorwin, _c2016. |
||
| 300 |
_axiv, 159 pages : _billustrations ; _c26 cm. |
||
| 500 | _aIncludes bibliographical references and index. | ||
| 650 | _aEducational counseling -- United States -- Handbooks, manuals, etc. | ||
| 650 | _aEducational counseling. | ||
| 942 |
_2lcc _cBK |
||
| 999 |
_c335177 _d335177 |
||